000 00509nmm a2200169Ia 4500
008 251105s9999||||xx |||||||||||||||||und||
020 _a9789587712568
041 _aspa
100 _aRojas López, Miguel David
245 0 _aEvaluación de proyectos para ingenieros
264 _a[Bogotá, Colombia] :
_bEcoe Ediciones,
_c2015
300 _a266 páginas
490 _aIngeniería y salud en el trabajo
650 _aEngineering
856 _uhttps://public.digitaliapublishing.com/a/39434
942 _cCF
999 _c96176
_d96176